<?xml version="1.0" encoding="UTF-8"?>
<record
    xmlns:xsi="http://www.w3.org/2001/XMLSchema-instance"
    xsi:schemaLocation="http://www.loc.gov/MARC21/slim http://www.loc.gov/standards/marcxml/schema/MARC21slim.xsd"
    xmlns="http://www.loc.gov/MARC21/slim">

  <leader>00832cam a22002531  4500</leader>
  <controlfield tag="001">sa 68017741 </controlfield>
  <controlfield tag="003">DLC</controlfield>
  <controlfield tag="005">20260227112705.0</controlfield>
  <controlfield tag="008">871028s1963    ii            000 0bkanx </controlfield>
  <datafield tag="010" ind1=" " ind2=" ">
    <subfield code="a">sa 68017741 </subfield>
  </datafield>
  <datafield tag="025" ind1=" " ind2=" ">
    <subfield code="a">PL480:I-Kan-1190</subfield>
  </datafield>
  <datafield tag="035" ind1=" " ind2=" ">
    <subfield code="a">(OCoLC)17213634</subfield>
  </datafield>
  <datafield tag="040" ind1=" " ind2=" ">
    <subfield code="a">DLC</subfield>
    <subfield code="c">NN</subfield>
    <subfield code="d">DLC</subfield>
  </datafield>
  <datafield tag="042" ind1=" " ind2=" ">
    <subfield code="a">premarc</subfield>
  </datafield>
  <datafield tag="050" ind1="0" ind2="0">
    <subfield code="a">BL1175.B23</subfield>
    <subfield code="b">V4</subfield>
  </datafield>
  <datafield tag="100" ind1="1" ind2=" ">
    <subfield code="a">Vedavyasacharya, H. K.</subfield>
  </datafield>
  <datafield tag="240" ind1="1" ind2="0">
    <subfield code="a">Gurucarite.</subfield>
    <subfield code="k">Selections</subfield>
  </datafield>
  <datafield tag="245" ind1="1" ind2="0">
    <subfield code="a">Jagadguru &#x15A;r&#x12B; R&#x101;ghav&#x113;ndra Sv&#x101;miga&#x1E37;avaru, 'Gurucarite' yinda.</subfield>
    <subfield code="c">[L&#x113;khaka] 'M&#x16B;laraghupati.'</subfield>
  </datafield>
  <datafield tag="260" ind1=" " ind2=" ">
    <subfield code="a">Na&#xF1;janag&#x16B;&#x1E0D;u,</subfield>
    <subfield code="b">&#x15A;r&#x12B; Parimala Sa&#x1E43;&#x15B;&#x14D;dhana mattu Prak&#x101;&#x15B;ana Mandira,</subfield>
    <subfield code="c">1963.</subfield>
  </datafield>
  <datafield tag="300" ind1=" " ind2=" ">
    <subfield code="a">xiv, 164 p.</subfield>
    <subfield code="c">19 cm.</subfield>
  </datafield>
  <datafield tag="490" ind1="0" ind2=" ">
    <subfield code="a">Parima&#x1E37;a prak&#x101;&#x15B;ana, 17. S&#x101;hitya vibh&#x101;&#x1E45;gaka,</subfield>
    <subfield code="v">8</subfield>
  </datafield>
  <datafield tag="500" ind1=" " ind2=" ">
    <subfield code="a">In Kannada.</subfield>
  </datafield>
  <datafield tag="600" ind1="0" ind2="0">
    <subfield code="a">R&#x101;ghavendra,</subfield>
    <subfield code="c">Swami,</subfield>
    <subfield code="d">1601-1661.</subfield>
  </datafield>
  <datafield tag="999" ind1=" " ind2=" ">
    <subfield code="c">87924</subfield>
    <subfield code="d">87924</subfield>
  </datafield>
</record>
